00385nam a2200157Ia 4500008004100000020001800041082001500059100001900074245002900093250000600122260003000128300001600158500002400174650001500198700001400213230524s9999 xx 000 0 und d a9780486410163 a533.2bLIE aH. W. Liepmann 0aElements of Gas Dynamics a1 aNew YorkbDover Pubc2001 a"xvi,437p;" aQuantity Number: 1 aMechanical aA. Roshko